All India Bar Examination / (Record no. 200815)

MARC details
000 -LEADER
fixed length control field 00479nam a22001697a 4500
005 - DATE AND TIME OF LATEST TRANSACTION
control field 20240215154501.0
010 ## - LCCN (DPL NO)
LC control number ENG-139255
020 ## - INTERNATIONAL STANDARD BOOK NUMBER
International Standard Book Number 9789395116404
Terms of availability 425.00
035 ## - SYSTEM CONTROL NUMBER
System control number EN-122787
037 ## - SOURCE OF ACQUISITION
Source of stock number/acquisition DBAD/PUB
082 ## - DEWEY DECIMAL CLASSIFICATION NUMBER
Classification number 000
245 ## - TITLE STATEMENT
Title All India Bar Examination /
260 ## - PUBLICATION, DISTRIBUTION, ETC. (IMPRINT)
Place of publication, distribution, etc haryana
Name of publisher, distributor, etc LExis Nexis
Date of publication, distribution, etc 2021
270 ## - ADDRESS
Address 14 floor ,building no.10,tower-BDLF cyber city Phase II
City Gurgaon
300 ## - PHYSICAL DESCRIPTION
Extent 315 p.
Dimensions 24cm(pbk)
942 ## - ADDED ENTRY ELEMENTS (KOHA)
Source of classification or shelving scheme Dewey Decimal Classification
Item type English Books
Classification part 000
Call number suffix IND
Holdings
Withdrawn status Lost status Not for loan Collection code Home library Current library Date acquired Source of acquisition Cost, normal purchase price Full call number Barcode Copy number Cost, replacement price Koha item type
      Non-fiction Tri Nagar Tri Nagar 15/02/2024 DBAD/PUB 425.00 000 IND EN-122787 1 425.00 English Books

© Delhi Public Library
Hit Counter
free hit counter